| 000 | 00894nam a22002057a 4500 | ||
|---|---|---|---|
| 008 | 230623s2021 xxk|||||o|||| 00| 0 eng d | ||
| 041 | _aeng | ||
| 110 | _aRoyal Institution of Chartered Surveyors | ||
| 245 |
_aA clear, impartial guide to compulsory purchase _h[Electronic resource] |
||
| 260 |
_aLondon, _bRoyal Institution of Chartered Surveyors, _cSeptember 2021 |
||
| 300 | _a16p. | ||
| 490 | _aRICS Consumer guide | ||
| 520 | _aA guide for the consumer on what it means if they are advised their property may be compulsorily purchased. Talks about the different types of purchase order, compensation and rights. | ||
| 650 | _aRESIDENTIAL PROPERTY | ||
| 651 | _aUNITED KINGDOM | ||
| 690 |
_96228 _aCompulsory purchase |
||
| 710 | _aRoyal Institution of Chartered Surveyors | ||
| 856 |
_uhttps://www.ricsfirms.com/media/1279/cpo-consumer-guide.pdf _zAvailable online |
||
| 942 | _n0 | ||
| 999 |
_c121552 _d121552 |
||